00453nam a2200193Ia 4500001000700000003000500007008004100012010001100053040000900064082001600073100001300089245004900102260004100151300001100192440000500203500001600208503000500224650003000229Z_4934CHAP220113s2=00 xx 000 0 und d a167989 cCHAP a636.3085 F7 aFreer, M aSheep nutrition /cpor M Freer and H. Dove aOxon :bC.A.B. International,c2002 a385 p. a aFotocopía a aGanado lanarxNutrición